[Event "Goch op 26th"]
[Site "Goch"]
[Date "2015.09.03"]
[Round "1"]
[White "Hartung, Thomas"]
[Black "Nooteboom, Rene"]
[Result "1-0"]
[WhiteElo "2024"]
[BlackElo "1654"]
[PlyCount "39"]
[EventDate "2015.09.03"]
[EventType "swiss"]
[EventRounds "7"]
[EventCountry "GER"]
[SourceTitle "EXT 2018"]
[Source "ChessBase"]
[SourceDate "2017.10.13"]
[SourceVersion "1"]
[SourceVersionDate "2017.10.13"]
[SourceQuality "1"]

1. e4 e6 2. d4 d5 3. Nc3 Bb4 4. e5 c5 5. a3 Bxc3+ 6. bxc3 Ne7 7. Qg4 Qc7 8. Qxg7 Rg8 9. Qxh7 cxd4 10. Kd1 Nbc6 11. Nf3 dxc3 12. Ng5 Rf8 13. f4 b6 14. Bd3 Bb7 15. h4 Nd4 16. h5 Qd7 17. a4 Nef5 18. Rh3 0-0-0 19. g4 Ne7 20. Nxf7 1-0